| 000 | 01184 a2200265 4500 | ||
|---|---|---|---|
| 005 | 20180312143028.0 | ||
| 008 | 160518s2015 ck a|||fr|||| 000 0 spa d | ||
| 020 | _a9789587631616 | ||
| 040 |
_aCO-BoUCM _bspa _cSandra Palacio _dSandra Palacio |
||
| 041 | 0 | _aspa | |
| 100 | 1 |
_aMonje, Jhon Jairo _977309 |
|
| 245 | 1 | 0 |
_aManual para la evaluación del equilibrio ambiental por medio de criterios agroecológicos _cJhon Jairo Monje y Fabián Rojas Sánchez |
| 260 |
_bUniminuto _bGobernación de Cundinamarca _c2015 _aBogotá (Colombia) |
||
| 300 |
_a55 páginas _bilustraciones |
||
| 490 | 0 | _aMódulo de estudio | |
| 504 | _aIncluye referencias bibliográficas | ||
| 650 | 7 |
_98723 _aAgricultura sostenible _xAspectos socioculturales _zColombia |
|
| 650 | 7 |
_aDesarrollo económico _xAspectos ambientales _zColombia _927863 |
|
| 650 | 7 |
_98723 _aAgricultura sostenible _xProgramas para computador |
|
| 690 |
_aMedio ambiente _919225 |
||
| 700 | 1 |
_aRojas Sánchez, Fabián _977310 |
|
| 710 | 1 |
_aCorporación Universitaria Minuto de Dios _bParque Científico de Innovación Social _977224 |
|
| 942 |
_cLIBRO _2DEWEY _a7 _e1 _h631.584 _mM744ma _n0 |
||
| 999 |
_c303427 _d303427 |
||